000 00703nam a2200229Ii 4500
003 JO-AjNU
008 230605s9999||||xx |||||||||||||| ||und||
017 _a2013/5/1544
020 _a978-9957-33-345-4
040 _aJO-AjNU
_bara
_erda
_cJO-AjNU
041 _aara
050 1 4 _aHD37.H373.2014
100 3 _aالحريري، محمد سرور,
_eauthor
_945650
245 0 0 _aالادارة الحديثة
250 _aط1
264 3 1 _aعمان:دار الوراق للنشر والتوزيع،2014
300 _a195ص
336 _atext
_btxt
_2rdacontent
337 _aunmediated
_bn
_2rdamedia
338 _avolume
_bnc
_2rdacarrier
650 4 _aادارة الاعمال-ادارة
_945651
999 _aA19804
_c23372
_d23372